00476 2200193 4500245004400000020002200044250001100066100001900077700000900096700002100105650001700126005001900143260004100162041001400203084001300217300003200230336000900262338001100271 aBeelzebub Vol. 11cTamura, RyuheihText a978-602-02-3540-0 aCet. 1 aTamura, Ryuhei aSari aAnindhita Raghia aKomik Jepang a20230206111607 aJakartabElex Media Komputindoc2014 aIndonesia a741.5592 a... jil. :bilus. ;c17 cm. atext avolume